Statistics for The Doors Charting Songs (Billboard Hot 100)

Click here to take the quiz!

General Stats

  • This quiz has been taken 60 times
    (44 since last reset)
  • The average score is 6 of 15

Answer Stats

AlbumWeeks OnPeakSong% Correct
The Doors23 Weeks#1 (3 Weeks)Light My Fire
90%
L.A Woman12 Weeks#14Riders on the Storm
83%
Strange Days9 Weeks#12People are Strange
78%
Waiting for the Sun12 Weeks#1 (2 Weeks)Hello, I Love You
68%
The Soft Parade13 Weeks#3Touch Me
65%
Morrison Hotel6 Weeks#50You Make Me Real / Roadhouse Blues
63%
L.A Woman11 Weeks#11Love Her Madly
48%
Strange Days7 Weeks#25Love Me Two Times
45%
Waiting for the Sun8 Weeks#39The Unknown Soldier
25%
The Soft Parade6 Weeks#44Wishful Sinful
20%
The Soft Parade9 Weeks#57Tell All The People
20%
The Soft Parade6 Weeks#64Runnin Blue
15%
Alive, She Cried7 Weeks#71Gloria
13%
Other Voices7 Weeks#71Tightrope Ride
5%
Full Circle4 Weeks#85The Mosquito
5%

Score Distribution

Percentile by Number Answered

Percent of People with Each Score

Your Score History

You have not taken this quiz since the last reset